[Event "Amsterdam NH Hotels 5th"]
[Site "Amsterdam"]
[Date "2010.08.19"]
[Round "7"]
[White "Caruana, Fabiano"]
[Black "Nielsen, Peter Heine"]
[Result "1-0"]
[WhiteElo "2697"]
[BlackElo "2700"]
[Annotator "CB"]
[PlyCount "111"]
[EventDate "2010.08.12"]
[EventType "schev"]
[EventRounds "10"]
[EventCountry "NED"]
[SourceTitle "CBM 138"]
[Source "ChessBase"]
[SourceDate "2010.09.17"]
[SourceVersion "1"]
[SourceVersionDate "2010.09.17"]
[SourceQuality "1"]

1. d4 Nf6 2. c4 e6 3. g3 Bb4+ 4. Bd2 Be7 5. Bg2 d5 6. Nf3 O-O 7. O-O c6 8. Qc2
Nbd7 9. Bf4 b6 10. Rd1 Bb7 11. Nc3 dxc4 12. Nd2 Nd5 13. Nxc4 Nxf4 14. gxf4 Qc7
15. e3 Rad8 16. Rab1 c5 17. d5 exd5 18. Bxd5 Nf6 19. Bxb7 Qxb7 20. a4 Rxd1+ 21.
Rxd1 Rd8 22. Rxd8+ Bxd8 23. Qd3 Bc7 24. e4 g6 25. e5 Nh5 26. Nd5 Bd8 27. f5 Qd7
28. f6 Kf8 29. b3 Bc7 30. Qe4 Bb8 31. Nde3 Qd8 32. Nd5 Qd7 33. Nde3 Qd8 34. h4
h6 35. Nd5 Qd7 36. Nde3 Qd8 37. Kh1 Qc8 38. Kg2 Qe8 39. Kf3 Qd7 40. Ke2 Kg8 {#}
41. Qg4 $2 (41. Ke1 $1 {This move may seem odd at first, but the idea is quite
simply to allow Nd5 without allowing the tactic Qxd5 Qxd5 and Nf4+. It is also
the first step in the winning plan.} Qd8 42. Nd5 $1 Qd7 43. Ne7+ Kh7 (43... Kf8
$2 44. Qe3 Ke8 45. Qxh6 Qb7 46. Nxg6) 44. Qd5 $1 Qxd5 (44... Qe6) 45. Nxd5 g5
46. hxg5 hxg5 {and Black is helpless. The knight has nowhere to go, and the
bishop has no way to escape. Ex:} 47. Ke2 g4 (47... Kg6 48. Ne7+ Kh7 49. Nc6)
48. Ke3 Kh8 49. Ke4 g3 50. Kf3 gxf2 51. Kxf2 Kh7 52. Kf3 Kg6 53. Kg4 {Zugzwang.
}) 41... Qd8 $6 ({After} 41... Qb7 {White would still play} 42. f4 Qc6 43. f5
Kf8 44. fxg6 fxg6 45. Qf3 $1 $18 (45. Qxg6 $4 Nf4+)) ({The blockading move} 
41... Qe6 $1 {would make it much harder for White though.} 42. Kd3 Qe8 43. f4
Kh7) 42. f4 a6 43. f5 Qe8 44. fxg6 fxg6 45. Nd5 Kf7 46. Ne7 Nxf6 47. Qxg6+ Kxe7
48. Qxf6+ Kd7 49. Nxb6+ Kc7 50. Nd5+ Kd7 51. Nb6+ Kc7 52. Qd6+ Kb7 53. Qd7+
Qxd7 54. Nxd7 Ba7 55. Kd3 Kc6 56. Nf6 1-0

[Event "Reggio Emilia 53rd"]
[Site "Reggio Emilia"]
[Date "2010.12.29"]
[Round "2"]
[White "Navara, David"]
[Black "Caruana, Fabiano"]
[Result "1-0"]
[WhiteElo "2708"]
[BlackElo "2709"]
[Annotator "Rogozenco,D"]
[PlyCount "139"]
[EventDate "2010.12.28"]
[EventType "tourn"]
[EventRounds "9"]
[EventCountry "ITA"]
[EventCategory "18"]
[SourceTitle "CBM 140"]
[Source "ChessBase"]
[SourceDate "2011.01.18"]
[SourceVersion "1"]
[SourceVersionDate "2011.01.18"]
[SourceQuality "1"]

1. e4 c5 2. Nf3 Nc6 3. d4 cxd4 4. Nxd4 Nf6 5. Nc3 e5 6. Ndb5 d6 7. Bg5 a6 8.
Na3 b5 9. Nd5 Be7 10. Bxf6 Bxf6 11. c3 {These days many players have switched
to 11.c4, which requires a minimum theoretical knowledge and usually leads to
a quiet positional play. Nevertheless the "classical" 11.c3 is certainly a
more flexible approach.} O-O 12. Nc2 Rb8 13. Be2 Bg5 14. O-O Be6 (14... a5 {
has established itself as the main and most reliable continuation.} 15. Qd3 Ne7
$1 {and White's edge is insignificant.}) 15. Ncb4 $5 ({White has scored well
in practice with} 15. Qd3 {but after} a5 16. Rfd1 Ne7 17. Nxe7+ Bxe7 {Black
has good chances to equalise.}) (15. Ndb4 Nxb4 16. Nxb4 Qb6 $14 {/=}) 15... Qc8
$5 {An interesting and rare idea: Black protects the a5-pawn 6 and in the
event of c3xb4 later one can penetrate with the queen to c2. On the other hand
on c8 the queen in misplaced and will soon have to find another square. For
instance, in spite of having available square d8 now for the bishop, Black
still cannot transfer it to b6 (Bd8-b6) in view of the fork on e7.} ({The
point of 15.Ncb4 is that after} 15... Nxb4 {White can consider to take back
with the pawn:} 16. cxb4 $5 (16. Nxb4 Qb6 $14 {/=})) 16. Qd3 $146 {A good new
move in this rare variation.} (16. Nxc6 Qxc6 $11 {has been played before.})
16... Nxb4 17. Nxb4 (17. cxb4 Bxd5 18. Qxd5 Qc2 $1 $11) 17... a5 18. Nd5 Qd7 {
So Black has lost a tempo (Qd8-c8-d7), but avoided c3xb4. As usual in such
positions, White retains some strategic pressure.} (18... Qc5 19. b4 $5 axb4
20. cxb4 Qa7 21. Bd1 $1 Rfc8 22. Bb3 $14) (18... Bd8 19. Rfd1 $14) 19. Rad1
Rfc8 20. Qg3 $1 Qd8 {Black starts to play inaccurately and ends up in a
passive position. The main drawback of his last move is that it allows White
to play Be2-g4 without the preparatory h2-h3.} ({Although after} 20... h6 21.
h4 Bd8 22. Rd2 {Black hasn't equalised completely (White's play is easier), it
often makes sense to provoke the advance of the white h-pawn, which slightly
limits White's possibilities later on.}) 21. a3 h6 {The idea behind this move
is simple - to free the queen from protecting the bishop. Still it allows
White to implement all major strategic plans without making any concessions.} (
21... Rc5 $142 22. b4 {(otherwise Black exchanges the knight for either of his
bishops)} (22. Bg4 Bxd5 $11) (22. Ne3 Bxe3 $11) 22... Rcc8 $13 23. bxa5 $140
Bh4 $1 {In such slightly inferior positions it is very important to fully
exploitf the available tactics in order to solve the strategic problems. It
turns out that thanks to this tactical trick Black can free the queen from
protecting the bishop.} 24. Qd3 Qxa5 $11) 22. Bg4 $1 {A smart way to use the
fact that the black queen has left the diagonal c8-h3. And as we'll see, it is
especially effective after Black's h7-h6.} Rc5 23. Bxe6 $1 fxe6 24. Ne3 {
This position requires a more detailed examination. The advantages of the
black doubled pawns on the e-file are often overestimated. True, Black
controls the d5-square now, but he has a lot of other weaknesses. Black would
certainly prefer to have his pawn on h7, but alas, now he must deal with the
weakness on g6 as well. As long as the queens are on the board with other
pieces, White will always keep pressure in the centre and on the kingside. It
is very important that White hasn't advanced the pawn from h2 yet, which keeps
his pawn structure on the kingside very flexible. In my opinion Black should
avoid such static positions in the Sveshnikov Sicilian, although there are
strong players who consider them equal (but I've also seen them losing such
"equal" positions when playing passively). The present game is one more proof
that it is highly unpleasant to sit and wait in a position full of weaknesses,
even if the opponent has no direct way of exploiting them. I believe that
Black should try some sort of counterplay on the queenside instead of waiting
passively for White to start the assault on the kingside.} Qe7 ({Now was a
good moment to start activity with} 24... b4 $1 25. cxb4 (25. axb4 axb4 26. c4
{loses the pawn:} Bxe3 27. Qxe3 Rxc4) 25... axb4 26. a4 b3 $1 $132) 25. Rd3 Rf8
$6 26. f3 Bh4 $2 {Completely losing the thread. Potentially White's knight is
much stronger than the bishop and therefore the bishop had to be exchanged on
e3, even if it didn't mean the end of suffering for Black.} (26... Bxe3+ 27.
Rxe3 $14) 27. Qg6 Rf6 28. Qh5 Rf8 29. Rfd1 $16 {Now White has a stable
positional advantage and the next part is very instructive.} Rc6 30. g3 Bg5 31.
Nc2 $1 {Due to Black's strategic mistakes White has achieved a perfect
position: he has kept the knight and prevented the counterplay with b5-b4. The
next stage is to advance the kingside pawns while keeping up the pressure on
d6.} Qd7 32. h4 Bd8 33. Kg2 Qe7 34. Qg4 Bb6 {In this position the transfer of
the bishop to the queenside only helps White, but is difficult to organise a
defence anyway.} (34... Qd7) 35. h5 $1 {[%csl Rg6]} Kh8 $6 36. Kh3 $1 {[%cal
Gc2e1,Ge1g2,Gg2h4]} Rf7 37. Ne1 a4 $2 38. Ng2 Bc7 (38... Kg8 39. f4 exf4 40.
Nxf4 {changes nothing - Black cannot keep material equality.}) 39. f4 $1 $18
Rc4 40. Nh4 Kh7 41. fxe5 dxe5 42. Rd7 Qe8 (42... Qxd7 43. Rxd7 Rxd7 44. Qg6+
$18) 43. Qg6+ Kg8 44. R1d3 {White wins easily thanks to his light-square
domination.} Rc6 45. Rxf7 Qxf7 46. Qxf7+ Kxf7 47. Rd7+ Kf6 (47... Kg8 48. Ng6
Bd6 49. Rb7 Rc5 50. Rb6 $18) 48. Ng6 Bd6 49. Kg4 Rb6 50. Nh8 {Besides his
miserable structure Black is having problems with the king, which even in
endgame finds itself in a mating net.} Be7 51. Rd3 Bc5 52. Rf3+ Ke7 53. Rf7+
Ke8 54. Rxg7 Be3 (54... Rd6 55. Rg8+ Kd7 56. Nf7 Rd2 57. Rd8+ $18) 55. Rg8+ Ke7
56. Ng6+ Kf6 57. Rf8+ Kg7 58. Rf3 Bc1 59. Rf2 Rd6 60. Rc2 Rd1 61. Nxe5 Re1 62.
Nc6 Rxe4+ 63. Kf3 Re1 64. Nd4 e5 65. Nxb5 e4+ 66. Kg4 e3 67. c4 Bd2 68. c5 Rd1
69. Nd4 Ba5 70. Nf5+ 1-0

[Event "SUI-chT"]
[Site "Switzerland"]
[Date "2011.10.22"]
[Round "8.2"]
[White "Prusikin, Michael"]
[Black "Caruana, Fabiano"]
[Result "1/2-1/2"]
[WhiteElo "2557"]
[BlackElo "2690"]
[PlyCount "37"]
[EventDate "2011.02.27"]
[EventType "team-tourn"]
[EventRounds "9"]
[EventCountry "SUI"]
[SourceTitle "EXT 2012"]
[Source "ChessBase"]
[SourceDate "2011.11.24"]
[SourceVersion "1"]
[SourceVersionDate "2011.11.24"]
[SourceQuality "1"]
[WhiteTeam "Wollishofen"]
[BlackTeam "Winterthur"]
[WhiteTeamCountry "SUI"]
[BlackTeamCountry "SUI"]

1. Nf3 Nf6 2. c4 c6 3. g3 d5 4. Bg2 g6 5. b3 Bg7 6. Bb2 O-O 7. O-O a5 8. Nc3
Ne4 9. Na4 Bxb2 10. Nxb2 Na6 11. d3 Nf6 12. d4 Bf5 13. Ne5 Qd6 14. e3 Rad8 15.
Qe2 Be4 16. f3 Bf5 17. g4 Bc8 18. f4 Nd7 19. c5 1/2-1/2

[Event "EU-ch 12th"]
[Site "Aix les Bains"]
[Date "2011.03.22"]
[Round "1"]
[White "Erdogdu, Mert"]
[Black "Caruana, Fabiano"]
[Result "0-1"]
[WhiteElo "2423"]
[BlackElo "2716"]
[Annotator "Marchand,A/Primel,D"]
[PlyCount "100"]
[EventDate "2011.03.22"]
[EventType "swiss"]
[EventRounds "11"]
[EventCountry "FRA"]
[SourceTitle "CBM 142 Extra"]
[Source "ChessBase"]
[SourceDate "2011.06.27"]
[SourceVersion "1"]
[SourceVersionDate "2011.06.27"]
[SourceQuality "1"]
[TimeControl "40/5400+30:1800+30"]

1. d4 Nf6 2. c4 c5 3. d5 b5 4. cxb5 a6 5. bxa6 (5. f3 e6 (5... axb5 6. e4) 6.
e4 exd5 7. e5 Qe7 8. Qe2 Ng8 9. Nc3 Bb7 10. Nh3 $13) 5... g6 6. Nc3 Bxa6 7. g3
(7. e4 Bxf1 8. Kxf1 Bg7 9. g3 d6 10. Kg2 O-O 11. Nf3 Nbd7 12. a4 (12. Re1)
12... Qa5 13. Ra3 Nb6 $146 {Brunello,S (2575)-Caruana,F (2727) ITA 71th Ch
Perugia 2011 (2) 1/2}) 7... d6 8. Bg2 Nbd7 (8... Bg7 9. Nf3 Nfd7 $5 {Cette
idée de S.KASPAROV est devenue trés populaire récemment}) 9. Nf3 Bg7 10. Rb1 (
10. O-O) 10... O-O (10... Nb6) 11. O-O Qa5 12. Bd2 {[%cal Gd2a5]} Ng4 (12...
Rfb8 {La grande ligne} 13. Qc2 Ng4 14. b3 Nge5 15. Ne1 (15. Nxe5)) 13. Qc2 (13.
Qc1 Rfb8 14. b3 Qc7) 13... Nge5 14. b3 (14. Nxe5 {Plus courant} Nxe5 15. b3 Qa3
16. Rfd1 Rfc8 17. Be1 Rab8 18. h3 c4 19. Kh2 Nd7 20. bxc4 Bxc4 21. Rxb8 Nxb8
22. Qc1 Qa7 23. Qf4 Bxa2 24. Nxa2 Qxa2 25. Qe4 Bf6 26. f4 Nd7 27. Bf3 Rc4 28.
Qb1 Qxb1 29. Rxb1 h5 30. Rb4 Rc2 {Lazarev,V (2443)-Brunner,N (2450)/Mulhouse
2011/Mega2011 Update 23/1/2-1/2 (34)}) 14... Nxf3+ (14... Rfb8 {Plus courant}
15. Nxe5 Nxe5 16. a4) 15. Bxf3 Qa3 $5 $146 {[%csl Ra2]} (15... Rfb8 {Zaiatz,E 
(2332)-Kostiuk,T (2277) RUS-Cup 300 years (Women) 2003 (6) 1/2}) 16. Bc1 (16.
h4 $5 {[%cal Gh4h5,Gg1g2,Gf1h1]} Nb6 (16... Rfb8 17. h5) 17. h5 c4 18. Kg2 Rfb8
19. hxg6 hxg6 20. Rh1 $14) 16... Qb4 17. Bd2 {[%cal Gd2b4]} Ne5 18. Bg2 c4 19.
Ne4 (19. Rfc1) 19... cxb3 $1 20. axb3 (20. Rxb3 Qa4 {[%csl Ra2][%cal Ga4c2,
Ga6e2]}) 20... Qb6 21. Be3 Qb5 22. Rfe1 Ng4 $1 {Les pièces Blanches sont assez
mal coordonnées} 23. Bc1 Bb7 $132 {[%csl Rd5]} 24. h3 Rfc8 $15 {[%csl Rc2]} 25.
Qd1 Ne5 26. Bb2 Qb4 27. f4 Nd7 28. Bxg7 Kxg7 29. Rb2 (29. Qd2 Qxd2 30. Nxd2 {
[%cal Gg2d5]} Rc2 $36) 29... Bxd5 $17 30. Qd2 Rcb8 31. Qxb4 Rxb4 32. Nf2 Bxg2
33. Nd3 Rb5 34. Kxg2 Ra3 {[%csl Rb3]} 35. Rc1 (35. Reb1) (35. b4 Nf6) 35... Nf6
36. b4 Nd5 37. Kf2 Nc3 38. Rbc2 Nd5 39. Rb2 f5 40. Rc4 Nc3 41. Kf3 (41. Rc2
Nd1+ 42. Kf3) 41... e5 $36 42. Rc7+ Kh6 43. fxe5 dxe5 44. Kg2 Nxe2 45. Rc5 Rxc5
46. Nxc5 $6 $138 (46. bxc5 e4 (46... Rxd3 47. Rxe2 e4 48. Rc2 {[%csl Gc2,Gc5]
[%cal Gc5c8]})) 46... f4 47. Nb3 e4 48. b5 f3+ 49. Kh2 e3 50. b6 f2 {Temps des
Blancs 47s Temps des Noirs 28mns} 0-1

[Event "EU-ch 12th"]
[Site "Aix les Bains"]
[Date "2011.03.23"]
[Round "2"]
[White "Caruana, Fabiano"]
[Black "Kovchan, Alexander"]
[Result "0-1"]
[WhiteElo "2716"]
[BlackElo "2563"]
[Annotator "Krasenkow,M"]
[PlyCount "118"]
[EventDate "2011.03.22"]
[EventType "swiss"]
[EventRounds "11"]
[EventCountry "FRA"]
[SourceTitle "CBM 142 Extra"]
[Source "ChessBase"]
[SourceDate "2011.06.27"]
[SourceVersion "1"]
[SourceVersionDate "2011.06.27"]
[SourceQuality "1"]

1. d4 Nf6 2. c4 g6 3. f3 d5 4. cxd5 Nxd5 5. e4 Nb6 6. Nc3 Bg7 7. Be3 O-O 8. Qd2
Be6 {A rare move, instead of the usual} (8... Nc6 {or}) (8... e5) {Black
provokes d4-d5 in order to subsequently undermine that pawn. But the idea
hardly justifies the loss of time.} 9. O-O-O (9. d5 $142 Bc8 (9... Bd7 10. h4
$1 (10. O-O-O c6 11. Bh6 Bxh6 12. Qxh6 cxd5 13. exd5 Qc7 14. h4 {0-1 Gasanov,E
(2414)-Kovchan,A (2513)/Kharkov 2006/CBM 111 ext (52)} Na4 15. Nge2 Rc8 16. h5
Qb6 $132) 10... c6 11. h5 cxd5 12. hxg6 fxg6 13. Nxd5 Be6 14. Rd1 Bxd5 15. exd5
Qd6 16. Nh3 $14 {[%cal Yh3g5] 1-0 Shishkin,V (2543)-Kolodiy,T (1869)/Odessa
2007/CBM 120 ext (24)}) 10. Bh6 (10. O-O-O e6 11. h4 exd5 12. exd5 c6 13. d6 {
1/2 Psakhis,L (2549)-Eljanov,V (2419)/Ashdod 2003/CBM 096 ext}) (10. h4 $5)
10... Bxh6 11. Qxh6 e6 12. O-O-O Qf6 13. h4 exd5 14. exd5 N8d7 15. Nh3 Qg7 16.
Qd2 Ne5 17. Ng5 h6 18. Nge4 Bf5 19. Ng3 Bd7 20. Qf4 $14 {1-0 Mamedyarov,S 
(2657)-Eljanov,P (2592)/Dubai 2004/CBM 101 (78)}) 9... Bc4 (9... Nc4 $142 10.
Bxc4 Bxc4 11. h4 c5 $132) 10. Nge2 $1 {[%csl Rb6]} e5 (10... a5 11. Kb1 a4 12.
Bh6 Nc6 13. Bxg7 Kxg7 14. h4 $36 {0-1 Korov,Z (2119)-Mihalinec,D (2232)/Zagreb
2010/CBM 135 Extra (37)}) 11. d5 (11. dxe5 $5 Qxd2+ 12. Rxd2 Bxe5 13. b3 $14
Ba6 14. f4 Bg7 15. Nd4 $14) 11... c6 12. b3 Ba6 13. d6 $5 {A double-edged move.
This pawn restricts Black's pieces but can be surrounded, which requires
energetic and accurate play from White.} (13. Kb1 Qd6 14. dxc6 Qxd2 15. Rxd2
Nxc6 16. Nc1 $1 $14) 13... N8d7 14. h4 Re8 15. h5 $2 {This enables Black to
capture the d6-pawn.} (15. Bg5 $1 f6 (15... Bf6 16. g3 $1 $36 {[%cal Yf1h3]})
16. Bh6 Bxh6 17. Qxh6 Re6 18. h5 Nf8 19. hxg6 hxg6 20. f4 $5 (20. Qh8+ Kf7 21.
Rh7+ Nxh7 22. Qxh7+ Kf8 $11) 20... Rxd6 21. f5 $40) 15... Re6 16. hxg6 hxg6 17.
Bg5 f6 18. Bh6 Qf8 19. Bxg7 Qxg7 20. g3 Nc8 21. Bh3 Rxd6 22. Qe3 Nf8 23. f4 Qe7
24. fxe5 $6 {Unnecessarily giving up the e5-square and facilitating Black's
task of converting his extra pawn.} (24. Kb2 $17) 24... Qxe5 25. Nd4 Ne7 26.
Nf3 $6 Rxd1+ 27. Rxd1 Qxg3 28. Bf1 Bxf1 29. Rxf1 Rd8 30. Rg1 Qd6 31. Kb2 Qb4
32. Qf4 Kg7 33. Qe3 Qb6 34. Qe2 Ne6 35. e5 f5 36. Qh2 Rh8 37. Qd2 Qd8 38. Qf2
Nf4 (38... Rh3 $5 $19 39. Qg2 $140 Nf4) 39. Qxa7 Rh3 40. Rf1 Nd3+ 41. Ka1 (41.
Kb1 $142 {but Black should in any case win after} Nxe5 42. Rd1 Nd5 $1 43. Nxd5
Rxf3 44. Qxb7+ Qd7 45. Qxd7+ Nxd7 46. Nc7 Ne5) 41... Ne1 $1 42. Rxe1 Rxf3 43.
Qc5 Rd3 44. Qb4 b6 45. Rh1 Nd5 46. Nxd5 Rxd5 47. Qf4 Rd1+ 48. Rxd1 Qxd1+ 49.
Kb2 Qe2+ 50. Kc3 c5 51. a4 Qe4 52. Qg3 Qb4+ 53. Kc2 c4 54. bxc4 Qxc4+ 55. Kd2
Qxa4 56. Qe3 Qb4+ 57. Kd1 Qc5 58. Qe2 Qd5+ 59. Kc1 Kf7 0-1

[Event "EU-ch 12th"]
[Site "Aix les Bains"]
[Date "2011.03.25"]
[Round "4"]
[White "Caruana, Fabiano"]
[Black "Gozzoli, Yannick"]
[Result "1/2-1/2"]
[WhiteElo "2716"]
[BlackElo "2543"]
[PlyCount "236"]
[EventDate "2011.03.22"]
[EventType "swiss"]
[EventRounds "11"]
[EventCountry "FRA"]
[SourceTitle "CBM 142 Extra"]
[Source "ChessBase"]
[SourceDate "2011.06.27"]
[SourceVersion "1"]
[SourceVersionDate "2011.06.27"]
[SourceQuality "1"]

1. c4 e5 2. Nc3 Nf6 3. Nf3 Nc6 4. g3 g6 5. Bg2 Bg7 6. d3 O-O 7. O-O d6 8. Bg5 {
[%cal Gg5f6,Gc3d5]} (8. Rb1 {La grande ligne mais le Bc1 est souvent une pièce
peu utile et l'échanger pour lutter pour le contrôle de la case d5 est une
option importante.}) 8... h6 9. Bxf6 Qxf6 10. Rb1 Qd8 (10... a5) 11. b4 Ne7 (
11... a6 12. Nd2 e4 13. d4 e3 14. Nf3 Bf5 15. Rb3 Re8 16. fxe3 Rxe3 17. Qd2 Qe8
18. Rf2 Rc8 19. b5 Na5 20. Rb4 axb5 21. cxb5 c5 22. bxc6 Nxc6 23. Rc4 Be6 24.
d5 Na5 25. Rxc8 Bxc8 26. Nb5 Nc4 27. Qb4 Bd7 28. Nc7 Qc8 29. Qxc4 Rc3 30. Qf4
Qxc7 31. Nd4 Rc1+ 32. Rf1 Rxf1+ 33. Kxf1 Be5 34. Qd2 Kg7 35. Nb3 h5 36. Bf3 Qc4
37. Kg2 h4 38. Qd3 Qa4 39. Qd2 Bf5 40. Kf2 Bb1 41. Na5 {Van Oosterom,C (2384)
-Giri,A (2730) Netherlands 2012 0-1}) 12. b5 Be6 13. Qa4 $146 (13. Qc2 Qd7 14.
Rfc1 a5 15. bxa6 b6 16. Nd2 Rxa6 17. a4 c6 18. Rb3 Rfa8 19. a5 bxa5 20. Na4 Nc8
21. Rcb1 R8a7 22. Rb8 Kh7 23. Ne4 Qc7 24. R1b3 Qe7 25. Qb1 Rc7 26. Nec3 Qd7 27.
Ne4 Qe7 28. h4 Raa7 29. Nec3 f5 30. Nb6 Nxb6 31. R3xb6 e4 32. Na4 d5 33. cxd5
cxd5 34. dxe4 dxe4 35. h5 Bf7 36. hxg6+ Bxg6 37. Bh3 Qa3 38. Qb5 Qa1+ 39. Kh2
Rc1 40. Bg2 Qe5 41. Qb3 Rf7 42. Rb5 Qe7 {Wohl,A (2404)-Akshat,K (2414) North
Geelong 2012 1/2-1/2}) 13... a6 14. Ne1 axb5 15. Qxb5 e4 16. Nxe4 Rxa2 17. Qb3
Ra7 18. Nc2 f5 19. Nd2 c6 20. e3 d5 21. Rfd1 dxc4 22. dxc4 b5 23. Nb4 Rd7 24.
Qc2 Qb6 25. c5 Qc7 26. Nb3 Rfd8 27. Rxd7 Rxd7 28. h4 Bc4 29. Rd1 Bf6 30. Rxd7
Qxd7 31. Na5 Qa7 32. Nbxc6 Nxc6 33. Nxc6 Qxc5 34. Na5 Be7 35. Nb3 (35. Nxc4
Qxc4 36. Qd1 {[%csl Rc4][%cal Gd1d7,Gg2d5]} Qc5 37. h5 g5 38. Qd7 $36) 35...
Qd6 36. Nd4 Kg7 37. Nxb5 {Gagne un P mais la présence de B de couleurs
opposées doit permettre aux Noirs d'annuler surtout en cas d'échange des Q}
Bxb5 38. Qb2+ Bf6 39. Qxb5 h5 40. Bd5 Kh6 41. Qb7 Qe7 42. Qb8 Qd8 43. Qf4+ Kg7
44. Be6 Qa5 45. Qf3 Qc5 46. Qb7+ Qe7 47. Qd5 Qd8 48. Qb5 Qd1+ 49. Kg2 Qc2 50.
Qb7+ Kh6 51. Bg8 Bg7 52. Qf3 Bf6 53. Bf7 Kg7 54. Qb7 Qc5 55. Be6+ Kh6 56. Qa8
Bg7 57. Bg8 Qf8 58. Qd5 Qf6 59. Be6 Bf8 60. Qd7 Bg7 61. Bd5 Qe5 62. Bf3 Bf6 63.
Qc6 Be7 64. Bd5 Kg7 65. Qa8 Bf8 66. Bb3 Qf6 67. Qc8 Kh6 68. Be6 Kg7 69. Qd7+
Be7 70. Kh3 Kh6 71. Bd5 Kg7 72. Qc8 Bf8 73. Kg2 Kh6 74. Qe8 Kg7 75. Bf3 Kh6 76.
Bc6 Qe7 77. Qa8 Kg7 78. Bd5 Qf6 79. Qe8 Qe7 80. Qc6 Qf6 81. Qb7+ Be7 82. e4
fxe4 83. Bxe4 Kh6 84. Qd5 Kg7 85. Qd3 Bc5 86. Qc2 Bb6 87. f4 Kh6 88. Qc8 Bd8
89. Qd7 Be7 90. Qe8 Bd6 91. Bd3 Bc5 92. Kh3 Bd6 93. Be4 Kg7 94. Bc2 Kh6 95. Kg2
Bc5 96. Bd1 Qd4 97. Kh3 Qf6 98. Bc2 Bd6 99. Qb5 Qe6+ 100. Kh2 Kg7 101. Bd1 Qf6
102. Kg2 Kh6 103. Qd5 Qb2+ 104. Kh3 Qf6 105. Bc2 Kg7 106. Kg2 Kh6 107. Kf3 Kg7
108. Ke2 Kh6 109. Kd3 Qf5+ 110. Qxf5 gxf5 111. Kc4 Kg6 112. Kd5 Bb4 113. Ke6
Be1 114. Bxf5+ Kh6 115. g4 hxg4 (115... Bxh4 {Saisi а tort par la FFE}) 116.
Bxg4 Bxh4 117. f5 Kg7 118. f6+ Bxf6 {Un premier faux-pas de l'italien dans le
tournoi} 1/2-1/2